| 000 | 01380ata a2200469 4500 | ||
|---|---|---|---|
| 005 | 20161025102454.0 | ||
| 008 | 150520b xxu||||| |||| 00| 0 spa d | ||
| 041 | _aspa | ||
| 082 | _a972.860.3 F676c | ||
| 100 |
_aFonseca Corrales, Elizabeth _928964 |
||
| 245 | _aCosta Rica en el siglo XVIII | ||
| 260 | _aCosta Rica | ||
| 260 | _bUniversidad de Costa Rica | ||
| 260 | _c2003 | ||
| 300 | _a464 páginas | ||
| 650 |
_aCOSTA RICA _928965 |
||
| 650 |
_aHISTORIA _943 |
||
| 650 |
_aSIGLO XVIII _928966 |
||
| 650 |
_aCOLONIA 1535-1821 _928967 |
||
| 650 |
_aETAPA DE LA ENCOMIENDA _928968 |
||
| 650 |
_aHISTORIA SOCIODEMOGRÁFICA _928969 |
||
| 650 |
_aCAMPESINOS _98383 |
||
| 650 |
_aCOMUNIDADES ALDEANAS _928970 |
||
| 650 |
_aPODER LOCAL _928971 |
||
| 650 |
_aVALLE CENTRAL _96737 |
||
| 650 |
_aCRECIMIENTO ECONÓMICO _9976 |
||
| 650 |
_aCRISIS AGRÍCOLA _928972 |
||
| 650 |
_aMERCADO DE BIENES _928973 |
||
| 650 |
_aVÍAS DE COMUNICACIÓN _928974 |
||
| 650 |
_aMEDIOS DE TRANSPORTE _92553 |
||
| 650 |
_aCOMERCIO _93 |
||
| 650 |
_aAUGE MERCANTIL _928975 |
||
| 650 |
_aINDÍGENAS INSUMISOS _928976 |
||
| 650 |
_aFRAILES _928977 |
||
| 650 |
_aSOLDADOS _928978 |
||
| 650 |
_aPRODUCTOS DE SUBSISTENCIA _928979 |
||
| 650 |
_aAGRICULTURA _91461 |
||
| 650 |
_aGANADERÍA _916895 |
||
| 650 |
_aSIEMBRA _97174 |
||
| 650 |
_aCOMERCIO MARÍTIMO _928589 |
||
| 942 | _cBK | ||
| 999 |
_c5787 _d5787 |
||